Les 50 rappeurs / rappeuses anglophones les plus écoutés sur Spotify - Statistiques

Statistiques générales
  • Ce quiz a été pris 617 fois
    211 depuis la dernière actualisation
  • Le résultat moyen est 16 sur 50
Statistiques - réponses
Millions d'auditeurs / mois Rappeur % Correct
73,6 Drake
82%
73,3 Kendrick Lamar
73%
75,7 Eminem
70%
70,6 Travis Scott
70%
27,4 Cardi B
63%
66,4 Kanye West
62%
49 Nicki Minaj
59%
25,5 Central Cee
55%
37,7 50 cent
54%
35,2 JAY-Z
51%
25,6 2pac
49%
42 XXX Tentacion
47%
26,8 Dr.Dre
43%
55,7 Future
43%
31,6 Lil Baby
43%
47,4 Lil Wayne
42%
32,4 Snoop Dogg
42%
46,9 21 Savage
41%
31,3 Lil Uzi Vert
37%
36,9 Juice WRLD
35%
53,3 Playboi Carti
35%
36,3 Asap Rocky
34%
27 Young Thug
34%
37,7 Gunna
30%
27,8 Megan Thee Stallion
29%
50,4 Doja Cat
27%
71,2 Post Malone
27%
50,8 Tyler The Creator
24%
36,7 J.Cole
22%
25,2 DaBaby
21%
36,4 Don Toliver
20%
23,7 Lil Tecca
19%
83,7 Rihanna
18%
22 Kid Cudi
15%
26,3 Kodak Black
15%
29,6 Trippie Redd
15%
34,3 Wiz Khalifa
14%
24,1 Mac Miller
13%
36 Swae Lee
12%
30,6 Jack Harlow
10%
21,2 French Montana
9%
26,5 GloRilla
9%
40,8 USHER
8%
24,9 JID
6%
28,1 Sexyy Red
6%
57,4 Pitbull
5%
34,4 Pharrell Williams
4%
45,5 The Kid LAROI
4%
22,4 Bryson Tiller
2%
25 Tommy Richman
1%
Aucun quiz correspondant
Distribution des résultats
% des personnes avec chaque résultat
Percentile par nombre de réponses
Votre historique - résultats
Vous n’avez pas pris ce quiz depuis la dernière actualisation